| 000 | 00401nam a22001577a 4500 | ||
|---|---|---|---|
| 003 | OSt | ||
| 005 | 20260324130110.0 | ||
| 008 | 260324b |||||||| |||| 00| 0 eng d | ||
| 020 | _a978-81-239-0389-8 | ||
| 040 | _cIIMT UNIVERSITY | ||
| 100 | _aWORLD, HEALTH ORGANIZATION | ||
| 245 | _aTHE INTERNATIONAL PHARMACOPOEIA | ||
| 260 |
_aNEW DELHI _bCBS PUBLISHER _c1995 |
||
| 300 | _a341 | ||
| 942 |
_2ddc _c01 |
||
| 999 |
_c67523 _d67523 |
||